| 000 | 00742cam a22002414a 4500 | ||
|---|---|---|---|
| 001 | 16101466 | ||
| 005 | 20171219074952.0 | ||
| 008 | 100223s2010 inu b 001 0 eng | ||
| 010 | _a 2010007651 | ||
| 020 | _a9780268026059 (pbk. : alk. paper) | ||
| 020 | _a026802605X (pbk. : alk. paper) | ||
| 040 |
_aDLC _cDLC _dDLC |
||
| 041 | _aeng | ||
| 080 | _a248.482 DUN | ||
| 082 | 0 | 0 |
_a248.482 DUN _223 |
| 100 | 1 | _a45 | |
| 101 | _aMUZ | ||
| 245 | 1 | 4 |
_aThe circle dance of time / _cJohn S. Dunne. |
| 504 | _aIncludes bibliographical references (p. 135-157) and index. | ||
| 906 |
_a7 _bcbc _corignew _d1 _eecip _f20 _gy-gencatlg |
||
| 942 |
_2ddc _cBK |
||
| 999 |
_c39173 _d39173 |
||